000 01696nam a22002417a 4500
003 URS
005 20250317200646.0
008 250317b |||||||| |||| 00| 0 eng d
050 0 0 _a LG 221.R59
_b.P2155
245 _aParental involvement in their CPahildren's education in the learning environment
_cNicole anne M. Deleon
300 _axi. 78 leaves
_bIllustrations,
_c28cm,
336 _2rdacontent
_atext
337 _2 rdamedia
_aunmediated
338 _2rdacarrier
_avolume
502 _aUndergraduate Thesis
_bBachelor of Secondary Education major
_c University of Rizal System, Rodriguez, Rizal
_d2022
520 _aThe objectives of the Study are to assess Parental Involvement in their Children's Education in the New Learning environment and to know the opportunities and challenges they encountered. There were 20 Parents from the Grade 3 Level in Mascap Elementary School located at Mascap Rodriguez Rizal, In this study Descripted Method type was used through an interview guide to conduct a comparison and understand how modular learning environment affects parents' involvement and to their children. Also, the Evaluative Design method because it helped explain opportunities and challenges generally not discovered by quantitative methods. те Based on findings on the profile of respondents in terms of age, all of them were from adulthood stage. In terms of the sex, the females outnumbered the male/
650 _2Parental involvement in their CPahildren's education
700 _aPrancisco Jenny rose M.
_eResearcher
700 _aGabie Sayra C,
_eResearcher
700 _aMaximo Jayson C.
_eResearcher
700 _aCortez May A.
_eAdviser
942 _2lcc
_cT
999 _c82397
_d82396